000 01247cam a22003617a 4500
003 CHAP
005 20220329133119.0
008 971013s1990 r 00010 d
010 _a2299
011 _a3271
035 _a2471
040 _cCHAP
090 _aFolleto 12607
100 0 0 _aPacheco Covarrubias, Juan José.
_984543
245 0 _aRecomendaciones para el manejo de insecticidas contra plagas del maíz en el sur de Sonora
_b: ciclo 1990
260 _aCd. Obregón, Son. :
_bINIFAP. Campo Experimental Valle del Yaqui,
_c1990
300 _ahoja desplegable
590 _aBATCH-UPD
_b10
_c20130110
_lUCH01
_h0109
590 _aBATCH-UPD
_b10
_c20130110
_lUCH01
_h0937
590 _aBATCH-UPD
_b10
_c20130409
_lUCH01
_h2100
590 _aBATCH-UPD
_b10
_c20130410
_lUCH01
_h0555
590 _aBATCH-UPD
_b10
_c20130914
_lUCH01
_h1040
590 _aCONVERSION
_b10
_c20130109
_lUCH01
_h1303
650 1 4 _aControl de plagas.
_927595
650 1 4 _aInsecticidas.
_958855
650 1 4 _aMaíz
_xPlagas.
_971034
650 1 4 _aMaíz
_xSonora.
_971063
700 0 _aMartínez Carrillo, José Luis.
_971901
700 0 _aOrtega Corona, Alejandro.
_983783
901 _aBK
942 _cFOLL
949 _aFolleto 12607
_bBC
_cFOLL
_d-11972
_eTS1
_i2471
_mD
_si
999 _c2299
_d2299